| 000 | 00817nam a22002297a 4500 | ||
|---|---|---|---|
| 999 |
_c2001 _d2001 |
||
| 003 | AR-CdUCM | ||
| 008 | 190228b ||||| |||| 00| 0 spa d | ||
| 040 |
_aMUNICIPALIDAD PROVINCIAL DEL CUSCO _cBIBLIOTECA MUNICIPAL DEL CUSCO |
||
| 082 |
_a920.985 / _bJ92 |
||
| 100 |
_aJurado Lívano, Rogelio _97283 |
||
| 245 |
_aEl Valiente de Tarapaca : _bPrimer Heroe dela Policia Nacional del Perú / _cJurado Lívano, Rogelio |
||
| 260 |
_aLima : _c1992. |
||
| 300 |
_a208 paginas ; _bIlustraciones, mapas, fotos, _c20cm. |
||
| 505 | _aPrimera parte -- Segunda parte -- Tercera parte. | ||
| 650 |
_aMariano santos Mateos _97284 |
||
| 650 |
_aLiteratura _983 |
||
| 650 |
_aPrimer heroe Nacional _97285 |
||
| 650 |
_aPeru _9429 |
||
| 700 |
_aJurado Lívano, Rogelio _97283 |
||
| 942 |
_2ddc _cLIBROS |
||
| 945 |
_apjha _d2019-02-28 |
||